| 000 | 00505cam a2200181 4500500 | ||
|---|---|---|---|
| 005 | 20260329001917.0 | ||
| 041 | _afre | ||
| 042 | _adc | ||
| 100 | 1 | 0 |
_aOrtoli, Sven _eauthor |
| 245 | 0 | 0 | _aLove, actually |
| 260 | _c2009. | ||
| 500 | _a10 | ||
| 690 | _aDubet | ||
| 690 | _aEco | ||
| 690 | _aInternet | ||
| 786 | 0 | _nPhilosophie magazine | 34 | 11 | 2009-11-01 | p. 3-3 | 1951-1787 | |
| 856 | 4 | 1 | _uhttps://shs.cairn.info/magazine-philosophie-magazine-2009-11-page-3?lang=fr&redirect-ssocas=7080 |
| 999 |
_c1809881 _d1809881 |
||